| 000 | 00670nam a2200217 4500 | ||
|---|---|---|---|
| 999 |
_c232953 _d232953 |
||
| 001 | 3697484 | ||
| 003 | Nust | ||
| 005 | 20170227111839.0 | ||
| 008 | 700709s1969 pk s 000 0 eng | ||
| 010 | _a 78930810 | ||
| 040 |
_aDLC _cDLC _dDLC |
||
| 050 | 0 | 0 |
_aHF3790.5 _b.Z5S5 |
| 082 | 0 | 0 | _a382/.09549 |
| 100 | 1 | _aShirazi, Yusuf H. | |
| 245 | 1 | 0 |
_aAid or trade: _btrends, turnovers, torpors, _cby Yusuf H. Shirazi. |
| 260 |
_a[Karachi, _bPrinted at Ferozsons, _c1969] |
||
| 300 |
_aiii, 162, x p. _c23 cm. |
||
| 350 |
_a8.00 _a($2.50) |
||
| 651 | 0 |
_aPakistan _xCommerce. |
|
| 906 |
_a7 _bcbc _corignew _d4 _encip _f19 _gy-gencatlg |
||
| 942 |
_2ddc _cBK |
||